| 000 | 00453nam a2200169Ia 4500 | ||
|---|---|---|---|
| 999 |
_c14043 _d14043 |
||
| 003 | OSt | ||
| 005 | 20201027123526.0 | ||
| 008 | 190216s9999||||xx |||||||||||||| ||und|| | ||
| 040 | _coclc | ||
| 082 |
_a813.54 _bCOO/C |
||
| 100 |
_aCook, Robin _94691 |
||
| 245 | 0 |
_aContagion / _cRobin Cook |
|
| 260 |
_bPan Books, _c1995. _aLondon: |
||
| 300 | _a529p | ||
| 650 | _aEnglish Novel | ||
| 942 |
_cBK _2ddc _h813.54 _iCOO/C _k813.54 _mCOO/C |
||